| 000 | 00541 a2200181 4500 | ||
|---|---|---|---|
| 999 |
_c38764 _d38764 |
||
| 020 | _a9789390611881 | ||
| 082 |
_a370.1 _bKHA-F |
||
| 100 |
_aKhamari,Jubraj _eauthor. |
||
| 245 |
_aFoundation of Education School & Society _cby Jubraj Khamari and Yudhisthir Mishra |
||
| 260 |
_bNarendra Publishing House, _aDelhi: _c2021 |
||
| 300 | _axi, 440p | ||
| 546 | _aEnglish | ||
| 650 | _aEducational sociology | ||
| 650 | _aEducational psychology | ||
| 650 | _aEducation and society | ||
| 700 |
_aMishra, Yudhisthir _eauthor. |
||
| 942 |
_2ddc _cBK |
||